The teaching and assessment of literature studies / (Record no. 78137)

MARC details
000 -LEADER
fixed length control field 00942nam a22002777a 4500
003 - CONTROL NUMBER IDENTIFIER
control field URS
005 - DATE AND TIME OF LATEST TRANSACTION
control field 20240418211730.0
008 - FIXED-LENGTH DATA ELEMENTS--GENERAL INFORMATION
fixed length control field 200221t2022 ||||| |||| 00| 0 eng d
020 ## - INTERNATIONAL STANDARD BOOK NUMBER
International Standard Book Number 978-621-451-025-2
040 ## - CATALOGING SOURCE
Transcribing agency URS
050 14 - LIBRARY OF CONGRESS CALL NUMBER
Classification number PN 59
Item number T2205 2022
245 00 - TITLE STATEMENT
Title The teaching and assessment of literature studies /
Statement of responsibility, etc. Remedios C. Bacus, PhD, Lonell Jay Terogo, PhD, Roselyn T. Bustos, DA, Lelani C. Dapat, EdD.
264 #1 - PRODUCTION, PUBLICATION, DISTRIBUTION, MANUFACTURE, AND COPYRIGHT NOTICE
Place of production, publication, distribution, manufacture Quezon City :
Name of producer, publisher, distributor, manufacturer Lorimar Publishing Inc.,
Date of production, publication, distribution, manufacture, or copyright notice [2022]
264 #4 - PRODUCTION, PUBLICATION, DISTRIBUTION, MANUFACTURE, AND COPYRIGHT NOTICE
Date of production, publication, distribution, manufacture, or copyright notice copyright 2022
300 ## - PHYSICAL DESCRIPTION
Extent xii, 141 pages ;
Dimensions 24 cm
336 ## - CONTENT TYPE
Source rdacontent
Content type term text
337 ## - MEDIA TYPE
Source rdamedia
Media type code unmediated
338 ## - CARRIER TYPE
Source rdacarrier
Carrier type code volume
504 ## - BIBLIOGRAPHY, ETC. NOTE
Bibliography, etc. note Includes bibliographical references.
650 #0 - SUBJECT ADDED ENTRY--TOPICAL TERM
Topical term or geographic name entry element Literature
General subdivision Study and teaching
700 1# - ADDED ENTRY--PERSONAL NAME
Personal name Bacus, Remedios C.
Relator term author
700 1# - ADDED ENTRY--PERSONAL NAME
Personal name Terogo, Ionell Jay
Relator term author
700 1# - ADDED ENTRY--PERSONAL NAME
Personal name Bustos, Roselyn T.
Relator term author
700 1# - ADDED ENTRY--PERSONAL NAME
Personal name Dapat, Lelani C.
Relator term author
942 ## - ADDED ENTRY ELEMENTS (KOHA)
Source of classification or shelving scheme Library of Congress Classification
Koha item type Filipiniana
Holdings
Withdrawn status Source of classification or shelving scheme Damaged status Not for loan Home library Current library Shelving location Date acquired Total Checkouts Full call number Barcode Date last seen Price effective from Koha item type
  Library of Congress Classification     Tanay College Library Tanay College Library Reserve Section 09/19/2023   PN 59 T2205 2022 URSTAN-N3463 10/04/2023 10/04/2023 Filipiniana

University of Rizal System
Email us at univlibservices@urs.edu.ph

Visit our Website www.urs.edu.ph/library